Udržateľnosť a nástupníctvo v rodinnom podnikaní
Charakteristika dynamických zmien a neistoty v konkurenčnom prostredí malých a stredných podnikov. Súčasťou tohto prostredia sú aj slovenské rodinné podniky.
Gespeichert in:
| 1. Verfasser: | |
|---|---|
| Format: | Buchkapitel |
| Sprache: | Slowakisch |
| Schlagworte: | |
| Tags: |
Keine Tags, Fügen Sie das erste Tag hinzu!
|
MARC
| LEADER | 00000naa a2200000 4500 | ||
|---|---|---|---|
| 001 | 0248203 | ||
| 005 | 20221104111242.9 | ||
| 041 | 0 | |a slo | |
| 044 | |a SK | ||
| 245 | 1 | 0 | |a Udržateľnosť a nástupníctvo v rodinnom podnikaní |c František Okruhlica |
| 520 | |a Charakteristika dynamických zmien a neistoty v konkurenčnom prostredí malých a stredných podnikov. Súčasťou tohto prostredia sú aj slovenské rodinné podniky. | ||
| 610 | 2 | 0 | |a podnikanie rodinné |
| 610 | 2 | 0 | |a prostredie podnikateľské |
| 610 | 2 | 0 | |a nástupníctvo podnikové |
| 610 | 2 | 0 | |a bariéry podnikania |
| 610 | 2 | 0 | |a Slovensko |
| 610 | 2 | 0 | |a podnik rodinný |
| 100 | 1 | |a Okruhlica, František | |